|
|
|
|
| LEADER |
00000nam a2200000 a 4500 |
| 001 |
vtls001412452 |
| 003 |
SK-MaSNL |
| 005 |
20260302035112.0 |
| 008 |
240314s1960 xo 0 und |
| 035 |
|
|
|a SNK000367169
|
| 040 |
|
|
|a SNK
|b slo
|c SNK
|e AACR2
|
| 044 |
|
|
|a xo
|c SK
|
| 100 |
1 |
|
|a Landrová, Eva
|4 aut
|9 297630
|
| 245 |
1 |
0 |
|a Staviame novú dedinu
|
| 260 |
|
|
|a Bratislava
|b Mladé letá
|c 1960
|
| 300 |
|
|
|a vystrihovačka
|
| 999 |
|
|
|c 1069240
|d 1071170
|
| 952 |
|
|
|a SNK
|b SNK
|y PREZ
|7 0
|p 17A0741271
|o snkSB 6471
|0 0
|1 0
|4 0
|d 2011-11-04
|l 0
|r 2026-02-24 15:50:04
|w 2026-02-24
|
| 952 |
|
|
|t P60, <04>, [BOOK], {604}
|a SNK
|b SNK
|y VYP
|7 0
|p 17A0299288
|o snkSB 6471 D1
|0 0
|1 0
|4 0
|d 2001-04-30
|l 0
|r 2005-01-02 00:00:00
|w 2026-02-24
|
| 952 |
|
|
|t P60, <04>, [BOOK], {604}
|a SNK
|b SNK
|y VYP
|7 0
|p 17A0299281
|o snkSB 6471 príl. D1
|0 0
|1 0
|4 0
|d 2001-04-30
|l 0
|r 2005-01-02 00:00:00
|w 2026-02-24
|